Textbook Of Pharmacognosy (Record no. 8623)
[ view plain ]
| 000 -LEADER | |
|---|---|
| fixed length control field | 00440nam a22001577a 4500 |
| 003 - CONTROL NUMBER IDENTIFIER | |
| control field | OSt |
| 008 - FIXED-LENGTH DATA ELEMENTS--GENERAL INFORMATION | |
| fixed length control field | 200320b ||||| |||| 00| 0 eng d |
| 020 ## - INTERNATIONAL STANDARD BOOK NUMBER | |
| International Standard Book Number | 9798123908860 |
| 100 ## - MAIN ENTRY--PERSONAL NAME | |
| Personal name | Wallis, T. E. |
| 245 ## - TITLE STATEMENT | |
| Title | Textbook Of Pharmacognosy |
| 250 ## - EDITION STATEMENT | |
| Edition statement | 5th/e, Reprint 2005 |
| 260 ## - PUBLICATION, DISTRIBUTION, ETC. (IMPRINT) | |
| Place of publication, distribution, etc | New Delhi |
| Name of publisher, distributor, etc | CBS Publishers & Distributors |
| 300 ## - PHYSICAL DESCRIPTION | |
| Extent | Paperback: 652 Pages, Dimensions: 21.3 x 13.8 x 3 cm |
| 650 ## - SUBJECT ADDED ENTRY--TOPICAL TERM | |
| Topical term or geographic name as entry element | Pharmacognosy |
| 942 ## - ADDED ENTRY ELEMENTS (KOHA) | |
| Source of classification or shelving scheme | Dewey Decimal Classification |
| Koha item type | Text Books |
| Withdrawn status | Lost status | Source of classification or shelving scheme | Damaged status | Not for loan | Collection code | Home library | Current library | Date acquired | Source of acquisition | Currency | Cost, normal purchase price | Bill Number | Total Checkouts | Full call number | Acc. no. / Barcode | Date last seen | Actual Cost, discounted price | Bill Date | Koha item type | Shelving location |
|---|---|---|---|---|---|---|---|---|---|---|---|---|---|---|---|---|---|---|---|---|
| Dewey Decimal Classification | B.Pharma | PIET C-LIBRARY | PIET C-LIBRARY | 07/01/2020 | Kirti Prakashan | IN Rupees | 550.00 | IN5980 | 615.321 WAT | BP464 | 20/03/2020 | 357.50 | 07/01/2020 | Text Books | ||||||
| Dewey Decimal Classification | B.Pharma | PIET C-LIBRARY | PIET C-LIBRARY | 07/01/2020 | Kirti Prakashan | IN Rupees | 550.00 | IN5980 | 615.321 WAT | BP465 | 20/03/2020 | 357.50 | 07/01/2020 | Text Books | ||||||
| Dewey Decimal Classification | B.Pharma | PIET C-LIBRARY | PIET C-LIBRARY | 07/01/2020 | Kirti Prakashan | IN Rupees | 550.00 | IN5980 | 615.321 WAT | BP466 | 20/03/2020 | 357.50 | 07/01/2020 | Text Books | ||||||
| Dewey Decimal Classification | B.Pharma | PIET C-LIBRARY | PIET C-LIBRARY | 07/01/2020 | Kirti Prakashan | IN Rupees | 550.00 | IN5980 | 615.321 WAT | BP467 | 20/03/2020 | 357.50 | 07/01/2020 | Reference Books | Ref. Sec. R01 | |||||
| Dewey Decimal Classification | B.Pharma | PIET C-LIBRARY | PIET C-LIBRARY | 07/01/2020 | Kirti Prakashan | IN Rupees | 550.00 | IN5980 | 615.321 WAT | BP468 | 20/03/2020 | 357.50 | 07/01/2020 | Text Books |